MARC details
| 000 -CABECERA |
| campo de control de longitud fija |
03892nam a2200349 a 4500 |
| 003 - IDENTIFICADOR DEL NÚMERO DE CONTROL |
| campo de control |
OSt |
| 005 - FECHA Y HORA DE LA ÚLTIMA TRANSACCIÓN |
| campo de control |
20250612093550.0 |
| 007 - CAMPO FIJO DE DESCRIPCIÓN FÍSICA--INFORMACIÓN GENERAL |
| campo de control de longitud fija |
cr ||||||a|c|a |
| 008 - DATOS DE LONGITUD FIJA--INFORMACIÓN GENERAL |
| campo de control de longitud fija |
240814s2024 mx ||||fom||| 001 0 spa d |
| 040 ## - FUENTE DE LA CATALOGACIÓN |
| Normas de descripción |
rda |
| 100 1# - ENTRADA PRINCIPAL--NOMBRE DE PERSONA |
| Nombre de persona |
Flores Castro, Alonso |
| 9 (RLIN) |
189416 |
| 245 10 - MENCIÓN DE TÍTULO |
| Título |
Evaluación de dosis comerciales para el control de Dactylopius coccus cockerell / |
| Mención de responsabilidad, etc. |
por Alonso Flores Castro; Jaime Alfredo Urzúa Gutiérrez; secretario Guillermo Mondragon Pedrero; vocal Santos Gerardo Leyva Mir; suplente J. Antonio Tafoya Razo; suplente Luis Emilio Castillo Márquez. |
| 264 #1 - PRODUCCIÓN, PUBLICACIÓN, DISTRIBUCIÓN, FABRICACIÓN Y COPYRIGHT |
| Producción, publicación, distribución, fabricación y copyright |
Chapingo, México : |
| Nombre del de productor, editor, distribuidor, fabricante |
El autor, |
| Fecha de producción, publicación, distribución, fabricación o copyright |
2024. |
| 300 ## - DESCRIPCIÓN FÍSICA |
| Extensión |
1 recurso en línea ( 49 páginas). |
| 336 ## - TIPO DE CONTENIDO |
| Fuente |
rdacontent |
| Término de tipo de contenido |
texto |
| Código de tipo de contenido |
txt |
| 337 ## - TIPO DE MEDIO |
| Fuente |
rdamedia |
| Nombre/término del tipo de medio |
computadora |
| Código del tipo de medio |
c |
| 338 ## - TIPO DE SOPORTE |
| Fuente |
rdacarrier |
| Nombre/término del tipo de soporte |
recurso en línea |
| Código del tipo de soporte |
cr |
| 502 ## - NOTA DE TESIS |
| Tipo de título |
Ingeniero Agrónomo Especialista en Parasitología Agrícola |
| Nombre de la institución que otorga el título |
Departamento de Enseñanza, Investigación y Servicio en Parasitología Agrícola, |
| Año de obtención del título |
2024. |
| Información miscelánea |
Licenciatura |
| 504 ## - NOTA DE BIBLIOGRAFÍA, ETC. |
| Nota de bibliografía, etc. |
Incluye referencias bibliográficas: páginas 48-49. |
| 520 ## - SUMARIO, ETC. |
| Sumario, etc. |
El nopal es una planta originaria de México que está presente desde la cultura prehispánica hasta nuestros días, formando parte importante de la gastronomía mexicana. Una de las principales plagas que ataca el cultivo es la granna-cochinilla (Dactylopius coccus) y a pesar de esto hay poca información para su control siendo que ataca el nopal en todas sus etapas, por lo que en el presente trabajo se evaluaron los siguientes insecticidas dimetoato, Dioctil sulfosuccinato de sodio, deltametrina, ciantraniliprole y thiametoxan, en un experimento en bloques completamente al azar con cuatro repeticiones cada uno, con el objetivo de evaluar su eficiencia en el control sobre la colonias de cochinilla. Se evaluaron las siguientes dosis: 2.5g/L de producto comercial (p.c). para thiametoxan, 7.5ml/L de p.c. de dimetoato, 2.5 ml/L de p.c. de ciantraniliprole, 1.5 ml/l de p.c. de deltametrina, y 4 ml/L de p.c de dioctil sulfosuccinato de sodio; en todos los tratamientos se adiciono 2 ml de Index A como coadyuvante. Antes de aplicar los tratamientos se realizaron muestreos para determinar los niveles de infestación de la plaga y se seleccionaron cuatro pencas por tratamiento para aplicar el producto y evaluar a los siete días el efecto de los insecticidas. Los resultados obtenidos muestran diferencias significativas entre los tratamientos, siendo el dimetoato y el dioctil sulfosuccinato de sodio los dos tratamientos que tuvieron controles de entre 90-97%, pero a pesar de esto el dioctil sulfosuccinato de sodio a los siete días presento fitotoxicidad en el contorno de las pencas de nopal, por lo que pesar de ser una de las mejores opciones para el control se debe de tomar en cuenta que puede tener una repercusión en la producción de nopalitos para el productor, a pesar de esto este producto es más amigable con el ambiente ya que es un producto con registro OMRI y actividad multi sitio, siendo la combinación de estos dos productos para un manejo integrado evitando así la resistencia de las moléculas, ya que el dimetoato actúa por contacto e ingestión sobre el sistema nervioso y el dioctil sulfosuccinato de sodio actúa por contacto disolviendo la capa cerosa que los protege así como penetrando las lipoproteínas de la cutícula destruyendo el exoesqueleto. |
| 650 #4 - PUNTO DE ACCESO ADICIONAL DE MATERIA--TÉRMINO DE MATERIA |
| Término de materia o nombre geográfico como elemento de entrada |
Cochinilla del nopal |
| Subdivisión general |
Control |
| 9 (RLIN) |
129744 |
| 650 #4 - PUNTO DE ACCESO ADICIONAL DE MATERIA--TÉRMINO DE MATERIA |
| Término de materia o nombre geográfico como elemento de entrada |
Nopal |
| Subdivisión general |
Plagas |
| 9 (RLIN) |
81689 |
| 650 #4 - PUNTO DE ACCESO ADICIONAL DE MATERIA--TÉRMINO DE MATERIA |
| Término de materia o nombre geográfico como elemento de entrada |
Insecticidas |
| Subdivisión general |
Análisis |
| 9 (RLIN) |
58856 |
| 650 #4 - PUNTO DE ACCESO ADICIONAL DE MATERIA--TÉRMINO DE MATERIA |
| Término de materia o nombre geográfico como elemento de entrada |
Insecticidas |
| Subdivisión general |
Toxicidad |
| 9 (RLIN) |
58882 |
| 700 1# - PUNTO DE ACCESO ADICIONAL--NOMBRE DE PERSONA |
| Nombre de persona |
Urzúa Gutiérrez, Jaime Alfredo |
| 9 (RLIN) |
117018 |
| Término indicativo de función/relación |
Director de tesis. |
| 700 1# - PUNTO DE ACCESO ADICIONAL--NOMBRE DE PERSONA |
| Nombre de persona |
Mondragón Pedrero, Guillermo |
| 9 (RLIN) |
77486 |
| Término indicativo de función/relación |
Secretario. |
| 700 1# - PUNTO DE ACCESO ADICIONAL--NOMBRE DE PERSONA |
| Nombre de persona |
Leyva Mir, Santos Gerardo |
| Término indicativo de función/relación |
Vocal. |
| 9 (RLIN) |
66581 |
| 700 0# - PUNTO DE ACCESO ADICIONAL--NOMBRE DE PERSONA |
| Nombre de persona |
Tafoya Razo, José Antonio |
| Término indicativo de función/relación |
Suplente. |
| 9 (RLIN) |
111341 |
| 700 1# - PUNTO DE ACCESO ADICIONAL--NOMBRE DE PERSONA |
| Nombre de persona |
Castillo Márquez, Luis Emilio |
| 9 (RLIN) |
20176 |
| Término indicativo de función/relación |
Suplente. |
| 856 ## - LOCALIZACIÓN Y ACCESO ELECTRÓNICOS |
| Identificador Uniforme del Recurso |
http://10.13.5.2/tesis/tl/1210709-7_FLORES_CASTRO_ALONSO.pdf |
| Nota pública |
DESCARGAR PDF |
| 942 ## - ELEMENTOS DE PUNTO DE ACCESO ADICIONAL (KOHA) |
| Fuente del sistema de clasificación o colocación |
Clasificación Universidad Autónoma Chapingo |
| Tipo de ítem Koha |
Tesis digital |